000
00332nam a2200145Ia 4500
003
OSt
005
20240408101905.0
008
170523s9999 xx 000 0 und d
020
_a
1119563119
040
_c
IIMTU MEERUT
100
_a
KOTASE
245
0
_a
GLOBAL MARKETING MANAGEMENT
260
_b
TATA MC GRAW HILL
942
_2
ddc
_c
02
999
_c
1594
_d
1594